Statistics for Penthouse Characters Quiz

Click here to take the quiz!

General Stats

  • This quiz has been taken 58 times
  • The average score is 12 of 23

Answer Stats

Last NameFirst Name% Correct
BaeRona
100%
CheonSeojin
94%
JooDantae
83%
HaEunbyeol
74%
JooSeokkyung
74%
KangMari
72%
JooSeokhoon
72%
SimSuryeon
72%
OhYoonhee
70%
Min/LeeSeolah
68%
YooJeni
66%
NaAegyo
60%
LeeLogan
57%
BaekJoonki
49%
HaYooncheol
49%
LeeKyujin
38%
GoSangah
38%
LeeMinhyeok
32%
YooDongpil
23%
JooHyein
21%
LeeAlex
13%
JinBoonhong
9%
YangMiok
6%

Score Distribution

Percentile by Number Answered

Percent of People with Each Score

Your Score History

You have not taken this quiz